000 00537nam a22002057a 4500
003 OSt
005 20150909135532.0
008 150909b xxu||||| |||| 00| 0 eng d
020 _a9780071283205
040 _cDNLM
082 _aQS4 M582h 2008
100 _aMckinley, Michael
_95691
245 _aHuman anatomy
250 _b2nd ed.
260 _aBoston;
_bMcGraw-hill
_c2008
300 _axxx,874p;
_bcol.ill:
_c29cm
504 _aAnswers, glossary, credit, & index included
700 _aOloughlin, Dean
_95692
942 _2z
_cO_SHELF
999 _c2241
_d2241